Регионална библиотека "Любен Каравелов" - Русе

Къщата на духовете (Запис номер 347510)

MARC детайли
000 -Лидер
Контролно поле с фиксирана дължина 01451nam a2200409 c 4500
003 - Код на организацията, давaща контролен номер
Контролно поле BLK
005 - Дата и час на последна редакция
Контролно поле 20250723121228.0
008 - Елементи от данни с фиксирана дължина
fixed length control field 180409b bul|||||r ||||||| ||bul||
010 ## - Наследен системен номер
LC control number KNG00107419000
020 ## - Международен стандартен номер на книга ISBN
Международен стандартен номер на книга ISBN 9786190204787
040 ## - Източник на каталожния запис
Идентификатор на билиотеката - собственик на записа BLK
041 ## - Код за език
Код за езика на текст/звукозапис или на отделно заглавие Български
Код за езика КДБФ Български
080 ## - УДК
Текстов определител УДК Чилийска литература
УДК код - определител по УДК 821.134.2(83)
УДК определител -31
УДК - код + определител 821.134.2(83)-31
100 1# - Редна дума - Автор
Автор Алиенде, Исабел
Авторска отговорност първи автор
R(LIN) 30822
139 ## - Редно поле
Редна дума Алиенде, Исабел
Авторски знак Али - А 54
245 10 - Сведения за заглавието
Заглавие Къщата на духовете
Редно поле (дума) Исабел Алиенде; прев. от исп. Венцеслав Николов.
257 ## - Страна на издаване
Страна на създаване/издаване Чили
260 ## - Област на издателските данни
Име на издателя, разпространителя и проч. Колибри
Година на издаване 2019
Печатница София : Дедракс
300 ## - Физическа характеристика
Страници 445 с.
Размери/Мащаб 21 см
380 ## - Жанр
Жанр Худож. лит.
500 ## - Общи забележки
Забележка Ориг. загл. La casa de los espiritus / Isabel Allende.
653 ## - Ключова дума – ненормативна
Ключова дума романи
659 #7 - Тематичен бюлетин
9 (RLIN) 178160
Тематичен бюлетин Н
Тематичен бюлетин - текст Нови книги
700 1# - Други автори (авторска отговорност)
Лично име Николов, Венцеслав
Автороска отговорност (Описва отношението между автора и произведението) прев. от исп.
9 (RLIN) 370211
852 ## - Местоположение
Фондова буква Заемна - подръчен фонд
Систематично-азбучна сигнатура П 860(7/8)-31/А 54
856 4# - Електронен адрес и достъп
Електронен формат pdf - файл
856 4# - Електронен адрес и достъп
Електронен формат pdf - файл
999 ## - СИСТЕМНИ КОНТРОЛНИ НОМЕРА
Koha biblionumber 347510
Koha biblioitemnumber 347510
942 ## - АРТИКУЛИ
Вид на библиотечния материал Книги
Скрит в OPAC Не
Koha issues (borrowed), all copies 71
Периодичен библиозапис Да
944 ## - СЪЗДАВАНЕ И РЕДАКЦИЯ на ЗАПИСА
Създаване/Редакция Създаване
Дата на регистрацията/редакция 04.08.2003
Статус, дата на статуса Минев Младен
Служител, извършил регистрацията/редакцията 30530
944 ## - СЪЗДАВАНЕ И РЕДАКЦИЯ на ЗАПИСА
Създаване/Редакция Редакция
Дата на регистрацията/редакция 05.02.2015
Статус, дата на статуса ф /
Служител, извършил регистрацията/редакцията Людмила_Стоянова
944 ## - СЪЗДАВАНЕ И РЕДАКЦИЯ на ЗАПИСА
Създаване/Редакция Редакция
Дата на регистрацията/редакция 2020-01-03
Статус, дата на статуса 2020-01-03
Служител, извършил регистрацията/редакцията Микаела Микова - Илиева
999 ## - СИСТЕМНИ КОНТРОЛНИ НОМЕРА
Koha biblioitemnumber 347510
999 ## - СИСТЕМНИ КОНТРОЛНИ НОМЕРА
Koha biblioitemnumber 347510
999 ## - СИСТЕМНИ КОНТРОЛНИ НОМЕРА
Koha biblioitemnumber 347510
999 ## - СИСТЕМНИ КОНТРОЛНИ НОМЕРА
Koha biblioitemnumber 347510
999 ## - СИСТЕМНИ КОНТРОЛНИ НОМЕРА
Koha biblioitemnumber 102354
Наличности
Код за отписване Код за изгубен артикул Източник на класификационната схема Код за повреда Коз за рестрикции Код за отдаване Артикулен № Име на библиотеката - собственик Име на библиотеката, в която се намира в момента Статус (Текущо местоположение) Дата на вписване в системата Местоположение - отдел Цена в лева Систематично азбучна сигнатура Баркод Цена в евро Служебен тип на артикула
  Не е изгубен Universal Decimal Classification Не е повреден без рестрикции заемане за дома 753632 Регионална библиотека "Любен Каравелов" Русе Регионална библиотека "Любен Каравелов" Русе Заемна - подръчен фонд 2020-01-13 Заемна - подръчен фонд 9.80 П 821-31/А 54 120000840767 5.01 Книги
  Не е изгубен Universal Decimal Classification Не е повреден без рестрикции заемане за дома 753633 Регионална библиотека "Любен Каравелов" Русе Регионална библиотека "Любен Каравелов" Русе Заемна - подръчен фонд 2020-01-13 Заемна - подръчен фонд 9.80 П 821-31/А 54 120000840768 5.01 Книги
  Не е изгубен Universal Decimal Classification Не е повреден без рестрикции заемане за дома 753634 Регионална библиотека "Любен Каравелов" Русе Регионална библиотека "Любен Каравелов" Русе Заемна - подръчен фонд 2020-01-13 Заемна - подръчен фонд 9.80 П 821-31/А 54 120000840769 5.01 Книги
Vip Innovations Ltd, Rousse, Bulgaria 2025